000 01097nam a2200301 a 4500
999 _c1865
_d1865
003 OSt
005 20190619121521.0
008 131023s1998 sz ||||| |||| 00| 0 eng d
022 _a92-4-157209-4
040 _cBiblioteca Medicina
041 _aspa
082 _aOMS QD 181.P1
110 _aOrganizacion Mundial de la Salud
_91006
245 0 0 _aEnvironmental Health Criteria 209: Flame Retardants, Tris(chloropropyl) Phosphate and Tris(2-chloroethyl) Phosphate
250 _a1º ed.
260 _aGinebra
_bOrganizacion Mundial de la Salud
_c1998
300 _a106 p.
440 0 0 _aInternational Programme on Chemical Safety
_92782
500 _aBaja Depósito Junio 2019- Caja 31
546 _aTexto en ingles, resumen y conclusion en español
653 _aORGANOFOSFATOS-TOXICIDAD
653 _aORGANOFOSFATOS-EFECTOS ADVERSOS
653 _aRETARDADORES DE LLAMA-TOXICIDAD
653 _aRETARDADORES DE LLAMA-EFECTOS ADVERSOS
653 _aEXPOSICION A RIESGOS AMBIENTALES
856 _ahttp://www.who.int/ipcs/publications/ehc/ehc_numerical/en/index.html
942 _2ddc
_cPH